000 00315nam a2200121Ia 4500
005 20251222155059.0
008 251222s9999||||xx |||||||||||||| ||spa||
082 _aEDUM.57
100 _aVARIOS AUTORES.
245 0 _aDiversas exposiciones de Maestria - curso Realidad Nacional
264 _bNo tiene
942 _cLIB
999 _c37594
_d37594